000 00518nam a2200193Ia 4500
008 120904t1995 xxu||||| |||| 00| 0 sin d
041 _asin
080 _a8-31 (eng)
_bLAW
100 _aLawrence,Louise
245 _aසාරා
246 _aSara
260 _aAuthor
_aHomagama
_c1995
300 _b64p, 21 cm
500 _aSinhalese Translation Of Louise Lawrence's of Children of The Dust
700 _aRahubadda,Sumiththra
_etr.
942 _cBK
999 _c42962
_d42962
003 LK-CoDNM
040 _aLK-CoDNM
_dLK-CoDNM
_eLK-CoDNM